Nỗi oan thì là mà

Uloženo v:
Podrobná bibliografie
Hlavní autor: Nguyễn Đức Dân
Médium: Kniha
Jazyk:Undetermined
Vydáno: Tp. HCM Trẻ 2002
Témata:
Tagy: Přidat tag
Žádné tagy, Buďte první, kdo otaguje tento záznam!
Thư viện lưu trữ: Trung tâm Học liệu Trường Đại học Cần Thơ
LEADER 00506nam a2200193Ia 4500
001 CTU_51169
008 210402s9999 xx 000 0 und d
020 |b 21000 
082 |a 495.922 
082 |b D121 
100 |a Nguyễn Đức Dân 
245 0 |a Nỗi oan thì là mà 
245 0 |c Nguyễn Đức Dân 
260 |a Tp. HCM 
260 |b Trẻ 
260 |c 2002 
650 |a vietnamese language 
650 |x grammar 
980 |a Trung tâm Học liệu Trường Đại học Cần Thơ